| 000 | 00383nam a2200157Ia 4500 | ||
|---|---|---|---|
| 003 | OSt | ||
| 005 | 20240217143807.0 | ||
| 008 | 170524s9999 xx 000 0 und d | ||
| 020 | _a: 978119457336 | ||
| 040 | _cIIMT UNIVERSITY MEERUT | ||
| 100 | _aWebster JG | ||
| 245 | 0 | _aMedical Instrumentation Application and Design | |
| 260 | _bJohn Wiley | ||
| 260 | _c2007 | ||
| 942 |
_2ddc _c02 |
||
| 999 |
_c4787 _d4787 |
||